Use of marble waste in rubber industry : Part.1 (in NR compound) (Record no. 71856)

MARC details
000 -LEADER
fixed length control field 00559nam a2200205Ia 4500
100 ## - MAIN ENTRY--AUTHOR NAME
Personal name Agrawal S
245 #0 - TITLE STATEMENT
Title Use of marble waste in rubber industry : Part.1 (in NR compound)
260 ## - PUBLICATION, DISTRIBUTION, ETC. (IMPRINT)
Name of publisher Progress in Rubber, Plastics and Recycling Technology
Year of publication 2004
300 ## - PHYSICAL DESCRIPTION
Number of Pages 229-246
650 ## - SUBJECT ADDED ENTRY--TOPICAL TERM
Topical Term Marble waste
650 ## - SUBJECT ADDED ENTRY--TOPICAL TERM
Topical Term Rubber industry
700 ## - ADDED ENTRY--PERSONAL NAME
Personal name Bandyopadhyay S
700 ## - ADDED ENTRY--PERSONAL NAME
Personal name Dasgupta M
700 ## - ADDED ENTRY--PERSONAL NAME
Personal name De P P
700 ## - ADDED ENTRY--PERSONAL NAME
Personal name Deuri A S
700 ## - ADDED ENTRY--PERSONAL NAME
Personal name Mandot S
700 ## - ADDED ENTRY--PERSONAL NAME
Personal name Mukhopadhyay R
942 ## - ADDED ENTRY ELEMENTS (KOHA)
Koha item type Journals
Holdings
Withdrawn status Lost status Damaged status Not for loan Home library Current library Shelving location Date acquired Serial Enumeration / chronology Koha item type
      Journals RRII Library RRII Library Rubber chemistry 17/12/2021 Volume 20, Issue 3 Journals